و جو د يت (Record no. 169784)

MARC details
000 -LEADER
fixed length control field 00589nam a22001937a 4500
005 - DATE AND TIME OF LATEST TRANSACTION
control field 20191204122146.0
010 ## - LCCN (DPL NO)
LC control number B-12659
020 ## - INTERNATIONAL STANDARD BOOK NUMBER
Terms of availability 80.00
International Standard Book Number -
035 ## - SYSTEM CONTROL NUMBER
System control number B-12659
037 ## - SOURCE OF ACQUISITION
Source of stock number/acquisition BPPD/Pub.
Stock number -
082 ## - DEWEY DECIMAL CLASSIFICATION NUMBER
Classification number 211
100 ## - MAIN ENTRY--PERSONAL NAME
Personal name قا ضی جا و يد
245 ## - TITLE STATEMENT
Title و جو د يت
Statement of responsibility, etc قا ضی جا و يد
246 ## - VARYING FORM OF TITLE
Remainder of title Wajudiat (Urdu)
Title proper/short title by Qazi Javed
260 ## - PUBLICATION, DISTRIBUTION, ETC. (IMPRINT)
Place of publication, distribution, etc Delhi
Name of publisher, distributor, etc Educational Publishing House
Date of publication, distribution, etc 1988 ء
270 ## - ADDRESS
Address 3108,Gali Vakil, Kucha Pandit,Lal Kuan,
City Delhi
Postal code 110006
Telephone number -
Fax number -
300 ## - PHYSICAL DESCRIPTION
Extent 118 ص
Dimensions 22 Cm(Hb)
942 ## - ADDED ENTRY ELEMENTS (KOHA)
Source of classification or shelving scheme Dewey Decimal Classification
Item type Urdu Bks
Classification part 211
Call number suffix ج ا و

No items available.


© Delhi Public Library
Hit Counter
free hit counter